000 00415 a2200145 4500
999 _c169
_d169
008 221025b ||||| |||| 00| 0 eng d
020 _a9788122418507
082 0 0 _a658.84
_bG6596
100 _aGopal, C. R.
245 _aExport import procedure documentation and logistics /
_cC.R. Gopal
260 _aNew Delhi:
_bNew Age International,
_c2016.
300 _a232 p.
650 0 _aExports Management
942 _2ddc
_cBK